000 00668nam a2200181Ia 4500
008 090124s9999 xx 000 0 und d
082 _b31049
100 _aपंडित बाळ ज.
245 _a क्रीडागंगेतील चंदेरी धागा 1
250 _a1
260 _bमधुश्री प्रकाशन
_c1993
300 _a95
600 _aपंडित बाळ ज.
630 _a क्रीडागंगेतील चंदेरी धागा 1
700 _aपंडित बाळ ज.
730 _a क्रीडागंगेतील चंदेरी धागा 1
942 _cBOOK
999 _c97152
_d97152